000 01176nam a2200265 a 4500
005 20240924070313.0
008 991125s1946 mx 000 0 spa u
035 _aUPN01000033195
049 _aSEP
050 4 _aAC70 B5a
_bno.96-10
245 0 0 _aJovellanos /
_cselec. y pról. de José Loredo Aparicio
260 _aMéxico :
_bSEP,
_c1946
300 _a1 v. (varias paginaciones
440 0 _aBiblioteca enciclopédica popular;
_v96-100
500 _aEncuadernado con: no.97. Luis G. Urbina : prosas / páginasprelim. de Carlos González Peña -- no.98. Teatro mexicano : dos obras en un acto / selec. y arreglo escénico de Fernando Wagner
500 _ano.99. Las razas humanas / por Juan Comas -- no.100. Confesiones de un pianista y otros cuentos románticos / por Justo Sierra ; páginas prelim. de Carlos González Peña
650 4 _aCuentos mexicanos
_96937
650 2 _aEtnología
_94794
650 4 _aPROSA LITERARIA MEXICANA
_914842
650 2 _aTeatro mexicano
_910342
600 1 4 _aJOVELLANOS, GASPAR MELCHOR DE,-
_d1744-1815
700 2 _aLoredo Aparicio, José,
_ecomp.
710 1 _aMéxico.
_bSecretaría de Educación Pública
905 _aLibro
999 _c33195
_d33195